Statistiche per Riconosci il Calciatore - Quiz n°1216

Clicka qui per fare il quiz!

Statistiche generali

  • Questo quiz è stato fatto 6 volte
  • Il punteggio medio è 11 su 23

Statistiche sulle risposte

IndizioRisposta% Corretto
Trofei per clubSerie C: 1
Reggiana: 2022-2023 (girone B)
100%
RuoloCentrocampista
83%
NazionalitàItalia
83%
Presenze in nazionale0
50%
Data di nascita20/06/1986
50%
Gol nei club30
50%
Squadra di club 3Atalanta 2008-2009
50%
Squadra di club 6Atalanta 2011-2016
50%
Squadra di club 9Crotone 2020-2021
50%
Squadra di club 4Napoli 2009-2010
50%
Squadra di club 1Sambenedettese 2004-2005
50%
Squadra di club 7Sampdoria 2016-2017
50%
Squadra di club 5Siviglia 2010-2011
50%
Trofei per nazionaliTorneo di Tolone: 1
2008
50%
Gol in nazionale0
33%
Trofei individuali0
33%
Altezza175 cm
33%
Presenze nei club507
33%
Peso72 kg
33%
Squadra di club 8Cagliari 2017-2020
33%
CalciatoreLuca Cigarini
33%
Squadra di club 2Parma 2005-2008
33%
Squadra di club 10Reggiana 2021-
33%

Distribuzione punteggi

Percentile per numero di risposta

Percentuale di utenti per punteggio

I tuoi punteggi nel tempo

Non hai fatto questo quiz